Historia del puerto de Buenos Aires.

Bibliographic Details
Main Author: Madero, Guillermo
Format: Book
Language:Spanish
Published: Buenos Aires : [Distribuidor exclusivo Emence Editores], [1955]
Subjects:

MARC

Tag First Indicator Second Indicator Subfields
LEADER 00000cam a2200000 4500
001 in00000384607
005 20151011112724.0
008 730503s1955 ag a 00000 spa u
010 |a  56057417  
035 |a (OCoLC)00615957 
035 |9 ABR8704AM 
040 |c TEU  |d TXA  |d UtOrBLW 
049 |a TXA1  |c [A14808473636] 
050 0 |a HE556.B8  |b M3 1955 
100 1 |a Madero, Guillermo. 
245 1 0 |a Historia del puerto de Buenos Aires. 
264 1 |a Buenos Aires :  |b [Distribuidor exclusivo Emence Editores],  |c [1955] 
300 |a 190 pages :  |b illustrations ;  |c 21 cm. 
336 |a text  |b txt  |2 rdacontent 
337 |a unmediated  |b n  |2 rdamedia 
338 |a volume  |b nc  |2 rdacarrier 
600 1 0 |a Madero, Eduardo,  |d 1833-1894. 
651 0 |a Buenos Aires (Argentina)  |x Harbor. 
999 |a MARS 
999 f f |s ce755785-57a0-3210-b8c8-e46794c4f3db  |i 79310fa3-a97f-36f4-8277-865915ff9046  |t 0 
952 f f |p noncirc  |a Texas A&M University  |b College Station  |c Cushing Memorial Library & Archives  |d Cushing: Dykes (Does not check out)  |t 0  |e HE556.B8 M3 1955  |h Library of Congress classification  |i unmediated -- volume  |m A14851751827 
998 f f |a HE556.B8 M3 1955  |t 0  |l Cushing: Dykes (Does not check out)